<?xml version="1.0" encoding="UTF-8"?><?xml-stylesheet type="text/xsl" href="static/style.xsl"?><OAI-PMH xmlns="http://www.openarchives.org/OAI/2.0/" xmlns:xsi="http://www.w3.org/2001/XMLSchema-instance" xsi:schemaLocation="http://www.openarchives.org/OAI/2.0/ http://www.openarchives.org/OAI/2.0/OAI-PMH.xsd"><responseDate>2026-04-13T02:22:42Z</responseDate><request verb="GetRecord" identifier="oai:www.recercat.cat:20.500.12328/1276" metadataPrefix="marc">https://recercat.cat/oai/request</request><GetRecord><record><header><identifier>oai:recercat.cat:20.500.12328/1276</identifier><datestamp>2025-05-16T12:52:55Z</datestamp><setSpec>com_2072_67741</setSpec><setSpec>col_2072_484352</setSpec></header><metadata><record xmlns="http://www.loc.gov/MARC21/slim" xmlns:dcterms="http://purl.org/dc/terms/" xmlns:xsi="http://www.w3.org/2001/XMLSchema-instance" xmlns:doc="http://www.lyncode.com/xoai" xsi:schemaLocation="http://www.loc.gov/MARC21/slim http://www.loc.gov/standards/marcxml/schema/MARC21slim.xsd">
   <leader>00925njm 22002777a 4500</leader>
   <datafield ind2=" " ind1=" " tag="042">
      <subfield code="a">dc</subfield>
   </datafield>
   <datafield ind2=" " ind1=" " tag="720">
      <subfield code="a">Méndiz Noguero, Alfonso</subfield>
      <subfield code="e">author</subfield>
   </datafield>
   <datafield ind2=" " ind1=" " tag="260">
      <subfield code="c">2007</subfield>
   </datafield>
   <datafield ind2=" " ind1=" " tag="520">
      <subfield code="a">La confusión entre publicidad y propaganda tiene visos de perpetuarse en la discusión académica: unos consideran sinónimos ambos vocablos, otros prefieren expresiones genéricas que eludan la diferenciación conceptual (“comunicación persuasiva de masas”) y otros entienden que el primero se refiere sólo al ámbito comercial y el segundo, al ideológico. La investigación etimológica – perspectiva recientemente recuperada en comunicación– puede proporcionar elementos para una clarificación nocional de ambos términos. Así, veremos que el concepto original francés (publicité) nace en el ámbito jurídico, como sinónimo de notoriedad, y sólo después adquiere su significación comercial.</subfield>
   </datafield>
   <datafield ind2=" " ind1=" " tag="520">
      <subfield code="a">The confussion between advertising and propaganda is going to be perpetuated in academic discussions: some consider both words synonymous, others prefer generic expressions that elude the conceptual differentiation ("persuasive mass communication”) and others understand that first talks about commercial communication, and the second, ideological speech. The etymological approach - perspective recently recovered in communication - can provide elements for a notional clarification of both terms. Thus, we will see that the original french concept (publicité) is born in the legal field, in the sense of notoriety, and only later it acquires its commercial meaning.</subfield>
   </datafield>
   <datafield ind1="8" ind2=" " tag="024">
      <subfield code="a">Méndiz Noguero, Alfonso. «Diferencias conceptuales entre Publicidad y Propaganda: una aproximación etimológica». Questiones Publicitarias, 2007, vol. 1, núm. 12, p. 43-61. Disponible en: &lt;https://ddd.uab.cat/pub/quepub/quepub_a2007n12/quepub_a2007n12p43.pdf>. Fecha de acceso: 29 oct. 2019. DOI: 10.5565/rev/qp.122</subfield>
   </datafield>
   <datafield ind1="8" ind2=" " tag="024">
      <subfield code="a">1988-8732</subfield>
   </datafield>
   <datafield ind1="8" ind2=" " tag="024">
      <subfield code="a">http://hdl.handle.net/20.500.12328/1276</subfield>
   </datafield>
   <datafield ind1="8" ind2=" " tag="024">
      <subfield code="a">https://doi.org/10.5565/rev/qp.122</subfield>
   </datafield>
   <datafield tag="653" ind2=" " ind1=" ">
      <subfield code="a">Publicitat</subfield>
   </datafield>
   <datafield tag="653" ind2=" " ind1=" ">
      <subfield code="a">Advertising</subfield>
   </datafield>
   <datafield tag="653" ind2=" " ind1=" ">
      <subfield code="a">Publicidad</subfield>
   </datafield>
   <datafield tag="653" ind2=" " ind1=" ">
      <subfield code="a">Propaganda</subfield>
   </datafield>
   <datafield tag="653" ind2=" " ind1=" ">
      <subfield code="a">Llenguatge i llengües--Etimologia</subfield>
   </datafield>
   <datafield tag="653" ind2=" " ind1=" ">
      <subfield code="a">Llenguatge i llengües--Etimologia</subfield>
   </datafield>
   <datafield tag="653" ind2=" " ind1=" ">
      <subfield code="a">Etimología</subfield>
   </datafield>
   <datafield tag="653" ind2=" " ind1=" ">
      <subfield code="a">Conceptes</subfield>
   </datafield>
   <datafield tag="653" ind2=" " ind1=" ">
      <subfield code="a">Concepts</subfield>
   </datafield>
   <datafield tag="653" ind2=" " ind1=" ">
      <subfield code="a">Conceptos</subfield>
   </datafield>
   <datafield ind2="0" ind1="0" tag="245">
      <subfield code="a">Diferencias conceptuales entre Publicidad y Propaganda: una aproximación etimológica</subfield>
   </datafield>
</record></metadata></record></GetRecord></OAI-PMH>